000 01267pam a2200337 a 4500
001 688660
003 ARRUPE
005 20131023133120.0
008 960130s1996 nyu 000 0deng
010 _a 96003868
020 _a1573220450 (alk. paper)
040 _aDLC
_cDLC
_dDLC
043 _an-us---
050 0 0 _aBF1999
_b.B65146 1996
082 0 0 _a291.2/3
_220
100 1 _aBloom, Harold.
_92786
245 1 0 _aOmens of millennium :
_bthe gnosis of angels, dreams, and resurrection /
_cHarold Bloom.
260 _aNew York :
_bRiverhead Books,
_c1996.
300 _a255 p. ;
_c24 cm.
600 1 0 _aBloom, Harold.
_92787
650 0 _aGnosticism.
_92788
650 0 _aAngels
_vComparative studies.
_92789
650 0 _aDreams
_xReligious aspects
_vComparative studies.
_92790
650 0 _aFuture life
_vComparative studies.
_92791
650 0 _aResurrection
_vComparative studies.
_92792
650 0 _aMillennialism
_vComparative studies.
_92793
651 0 _aUnited States
_xReligion.
_92794
906 _a7
_bcbc
_corignew
_d1
_eocip
_f19
_gy-gencatlg
942 _2lcc
_cMONOGRAPH
999 _c118411
_d118411